Parution des champions de League of Legends - Statistiques

Statistiques générales
  • Ce quiz a été pris 37 fois
    29 depuis la dernière actualisation
  • Le résultat moyen est 17 sur 166
Statistiques - réponses
Date Champion % Correct
21 Février 2009 Alistar
65%
21 Février 2009 Annie
54%
6 Décembre 2023 Hwei
54%
21 Février 2009 Ashe
42%
14 Septembre 2023 Briar
38%
3 Novembre 2022 K'Sante
38%
22 Mars 2023 Milio
38%
17 Février 2022 Renata Glasc
38%
20 Janvier 2022 Zeri
38%
22 Juillet 2021 Akshan
35%
20 Juillet 2023 Naafiri
35%
17 Juillet 2022 Nilah
35%
9 Juin 2022 Bel'Veth
31%
21 Septembre 2020 Samira
31%
23 Septembre 2021 Vex
31%
21 janvier 2021 Viego
31%
19 Avril 2017 Rakan
27%
10 Décembre 2020 Rell
27%
29 Octobre 2020 Seraphine
27%
19 Avril 2017 Xayah
27%
15 Avril 2021 Gwen
23%
22 Juillet 2020 Lillia
23%
10 Novembre 2019 Senna
23%
6 Août 2020 Yone
23%
11 Décembre 2019 Aphelios
19%
28 Juin 2019 Qiyana
19%
14 Janvier 2020 Sett
19%
25 Janvier 2019 Sylas
19%
1 Février 2016 Jhin
15%
7 Mars 2018 Kai'sa
15%
5 Décembre 2018 Neeko
15%
21 Mai 2018 Pyke
15%
14 Mai 2019 Yummi
15%
24 Mars 2016 Aurelion Sol
12%
29 Mai 2015 Ekko
12%
21 Février 2009 Fiddlesticks
12%
21 Février 2009 Jax
12%
10 Octobre 2013 Jinx
12%
21 Février 2009 Kayle
12%
12 Juillet 2017 Kayn
12%
14 Octobre 2015 Kindred
12%
10 Août 2016 Kled
12%
30 Avril 2013 Lissandra
12%
21 Février 2009 Maître Yi
12%
23 Août 2017 Ornn
12%
13 Décembre 2013 Yasuo
12%
29 Mars 2013 Zac
12%
21 Novembre 2017 Zoe
12%
13 Juin 2013 Aatrox
8%
16 Septembre 2014 Azir
8%
12 Mars 2015 Bard
8%
12 Mai 2014 Braum
8%
7 Décembre 2016 Camille
8%
19 Septembre 2009 Corki
8%
6 Juin 2012 Draven
8%
24 Novembre 2015 Illaoi
8%
5 Octobre 2016 Ivern
8%
7 Juillet 2012 Jayce
8%
22 Août 2013 Lucian
8%
21 Février 2009 Morgana
8%
21 Février 2009 Nunu et Willump
8%
21 Février 2009 Ryze
8%
10 Octobre 2009 Shaco
8%
18 Avril 2009 Singed
8%
21 Février 2009 Sion
8%
21 Février 2009 Sivir
8%
21 Février 2009 Soraka
8%
9 Juillet 2015 Tahm Kench
8%
18 Mai 2016 Taliyah
8%
21 Février 2009 Teemo
8%
23 Janvier 2013 Thresh
8%
21 Février 2009 Tristana
8%
21 Février 2009 Twisted Fate
8%
24 Juillet 2009 Veigar
8%
27 Février 2014 Vel'Koz
8%
19 Décembre 2012 Vi
8%
21 Février 2009 Warwick
8%
13 Novembre 2012 Zed
8%
26 Juin 2009 Amumu
4%
10 Juillet 2009 Anivia
4%
2 Septembre 2009 Blitzcrank
4%
12 Avril 2011 Brand
4%
4 Janvier 2011 Caitlyn
4%
14 Décembre 2010 Cassiopeia
4%
26 Juin 2009 Cho'Gath
4%
23 Mai 2012 Darius
4%
7 Août 2012 Diana
4%
2 Septembre 2009 Dr. Mundo
4%
16 Mars 2010 Ezreal
4%
15 Novembre 2011 Fizz
4%
10 Août 2010 Galio
4%
19 Août 2009 Gangplank
4%
27 Avril 2010 Garen
4%
14 Août 2014 Gnar
4%
2 Février 2010 Gragas
4%
19 Octobre 2011 Graves
4%
18 Avril 2012 Hecarim
4%
10 Octobre 2009 Heimerdinger
4%
1 Mars 2011 Jarvan IV
4%
20 Novembre 2014 Kalista
4%
1 Février 2011 Karma
4%
12 Juin 2009 Karthus
4%
7 Août 2009 Kassadin
4%
19 Septembre 2009 Katarina
4%
8 Avril 2010 Kennen
4%
27 Septembre 2012 Kha'Zix
4%
24 Juin 2010 Kog'Maw
4%
2 Novembre 2010 LeBlanc
4%
1 Avril 2011 Lee Sin
4%
13 Juillet 2011 Leona
4%
20 Mars 2012 Lulu
4%
19 Octobre 2010 Lux
4%
2 Septembre 2009 Malphite
4%
1 Juin 2010 Malzahar
4%
16 Février 2011 Maokai
4%
8 Septembre 2010 Miss Fortune
4%
24 Février 2010 Mordekaiser
4%
7 Décembre 2012 Nami
4%
1 Octobre 2009 Nasus
4%
14 Février 2012 Nautilus
4%
17 Décembre 2009 Nidalee
4%
15 Mars 2011 Nocturne
4%
9 Juin 2010 Olaf
4%
1 Juin 2011 Orianna
4%
2 Février 2010 Pantheon
4%
13 Janvier 2010 Poppy
4%
1 Mars 2013 Quinn
4%
10 Juillet 2009 Rammus
4%
11 Décembre 2014 Rek'sai
4%
18 Janvier 2011 Renekton
4%
21 Août 2012 Rengar
4%
14 Septembre 2011 Riven
4%
26 Avril 2011 Rumble
4%
17 Janvier 2012 Sejuani
4%
24 Mars 2010 Shen
4%
1 Novembre 2011 Shyvana
4%
9 Août 2011 Skarner
4%
21 Septembre 2010 Sona
4%
5 Octobre 2010 Swain
4%
13 Septembre 2012 Syndra
4%
24 Août 2011 Talon
4%
19 Août 2009 Taric
4%
1 Décembre 2010 Trundle
4%
1 Mai 2009 Tryndamere
4%
1 Mai 2009 Twitch
4%
2 Décembre 2009 Udyr
4%
24 Août 2010 Urgot
4%
8 Mai 2012 Varus
4%
10 Mai 2011 Vayne
4%
29 Décembre 2011 Viktor
4%
27 Juillet 2010 Vladimir
4%
29 Novembre 2011 Volibear
4%
26 Juillet 2011 Wukong
4%
5 Octobre 2011 Xerath
4%
13 Juillet 2010 Xin Zhao
4%
22 Juin 2011 Yorick
4%
1 Février 2012 Ziggs
4%
18 Avril 2009 Zilean
4%
24 Juillet 2012 Zyra
4%
14 Décembre 2011 Ahri
0%
11 Mai 2010 Akali
0%
26 Octobre 2012 Elise
0%
1 Mai 2009 Evelynn
0%
29 Février 2012 Fiora
0%
16 Novembre 2010 Irelia
0%
2 Septembre 2009 Janna
0%
Aucun quiz correspondant
Distribution des résultats
% des personnes avec chaque résultat
Percentile par nombre de réponses
Votre historique - résultats
Vous n’avez pas pris ce quiz depuis la dernière actualisation